| 000 | 00915nam2a22002531 4500 | ||
|---|---|---|---|
| 001 | v19\rc\1994358 | ||
| 005 | 20251118181235.5 | ||
| 035 | _a(NLR Aleph) 005070780 | ||
| 090 |
_a7093338 _c7093338 |
||
| 100 | _a20080811d1914 u y0rusy50 ca | ||
| 101 | 0 | _arus | |
| 102 | _aRU | ||
| 105 | _ay z ||||| | ||
| 200 | 0 | _aза 1911 год | |
| 210 | _d1914 | ||
| 215 | _a99 с. | ||
| 461 | 0 |
_1001v19\rc\1994357 _12001#$aДенежный отчет Феодосийской городской управы...$vза 1911 год _97093334 _aФеодосийская городская управа _cФеодосия _d1914-1915 _tДенежный отчет Феодосийской городской управы... _vза 1911 год |
|
| 801 | 0 |
_aRU _bNLR _gpsbo |
|
| 801 | 0 |
_aRU _bRuMoRGB _2psbo |
|
| 801 | 1 |
_aRU _bProSoft-M _2rusmarc |
|
| 852 |
_aNLR _j17.159.6.22 |
||
| 899 |
_aRuMoRGB _jV 48/26 |
||
| 942 | _cBOOK | ||
| 980 | _aNB | ||